Optimalizácia tepelného hospodárstva s využitím vlastných energetických zdrojov na báze OZE

Uložené v:
Podrobná bibliografia
Hlavný autor: Gažíková, Soňa (Autor)
Ďalší autori: Takács, Ján (Vedúci práce)
Médium: Rukopis Kniha
Jazyk:Slovak
Vydavateľské údaje: 2022
Predmet:
On-line prístup:http://is.stuba.sk/zp/portal_zp.pl?podrobnosti=145686
Tagy: Pridať tag
Žiadne tagy, Buďte prvý, kto otaguje tento záznam!

MARC

LEADER 00000ntm a22000003a 4500
001 stuzp66135
003 SK-STU
005 20220423210235.4
007 ta
008 150427s2015----xo-----f-mn---000-0-slo-d
040 |a STU  |b slo 
041 0 |a slo 
100 1 |a Gažíková, Soňa  |u 010290  |4 aut  |U SvF Stavebná fakulta  |T SvF Katedra technických zariadení budov  |X 7451  |U V290  |Y 31  |7 7451 
242 0 1 |a Optimization of heat management with using its own energy sources based on RES  |y eng 
245 1 0 |a Optimalizácia tepelného hospodárstva s využitím vlastných energetických zdrojov na báze OZE 
260 |c 2022 
650 4 |a sústava centralizovaného zásobovania teplom  |2 slo 
650 4 |a mapa geotermálnych vrtov  |2 slo 
650 4 |a mobilná aplikácia  |2 slo 
650 4 |a geotermálna energia  |2 slo 
650 4 |a simulácie  |2 slo 
650 4 |a analýza prevádzky  |2 slo 
650 4 |a energetická analýza  |2 slo 
650 4 |a geothermal energy  |2 eng 
650 4 |a centralized heat supply system  |2 eng 
650 4 |a simulations  |2 eng 
650 4 |a operation analysis  |2 eng 
650 4 |a map of geothermal drills  |2 eng 
650 4 |a mobile application  |2 eng 
650 4 |a energy analysis  |2 eng 
700 1 |a Takács, Ján  |u 010290  |k Z1  |4 ths  |U SvF Stavebná fakulta  |T SvF Katedra technických zariadení budov  |X 663  |U V290  |Y 31  |7 A000000663 
856 4 |u http://is.stuba.sk/zp/portal_zp.pl?podrobnosti=145686